00690nam a2200169 i 450000100060000000300090000600500170001500700030003200800410003510000360007624501800011226000760029230000290036865000370039771000540043485200320048873960ES-MaACL20230906171954.0t|040914s1972 sp ||||1| spa d1 aGonzález Barberán, Vicente.13aEl polo de desarrollo de Granada a los tres años de su declaraciónb: balance y comentarios : informe leído el 30 de junio de 1972 / cpor Vicente González Barberán. aGranada : bConsejo Económico Sindical Provincial de Granada, c1972. a56 p. : bil. ; c24 cm. 4aDesarrollo industrial-zGranada.2 aConsejo Económico Sindical Provincial (Granada) aES-MaACLjC-45011 bR.83743